000 00301 a2200133 4500
001 153619
040 _cEscola São Tomás de Aquino
100 _aDIAS, Vera
240 1 0 _aO avô de Margareth
_lpor
245 1 0 _aO avô de Margareth
362 0 _a1997
697 _a*LITERATURA JUVENIL
942 _cBK
999 _c153619
_d153619